| 000 | 01156nam a2200313 i 4500 | ||
|---|---|---|---|
| 001 | 189222 | ||
| 003 | SpMaBN | ||
| 005 | 20250818012346.0 | ||
| 008 | 190426s2017 sp a |||| |bspa d | ||
| 020 | _a978-84-16456-49-9 | ||
| 080 | _a929 Cruz González, Manuel de la | ||
| 080 | _a343.712.1(460.111 Ferrol)"18" | ||
| 100 | 1 |
_aSantalla López, Manuela. _9166902 |
|
| 245 | 1 | 0 |
_aManuel de la Cruz, alias "Sopiñas" _b: ¿capitán de bandoleros o comerciante ferrolano? / _cManuela Santalla y Juan Carlos Rico. |
| 250 | _a1ª ed. | ||
| 260 |
_a[Ferrol] : _bEmbora, _c2017. |
||
| 300 |
_a225 p. : _bil. ; _c21 cm. |
||
| 490 | 1 | _aBiblioteca de Ferrolterra | |
| 500 | _aApéndice documental. | ||
| 504 | _aBibliografía: p. 221-225. | ||
| 600 | 1 | 4 |
_aCruz González, Manuel de la, _d1784- _9166903 |
| 650 | 7 |
_aBandolerismo- _zGalicia. _9166904 |
|
| 700 | 1 |
_aRico, Juan Carlos. _9166905 |
|
| 830 | 0 |
_aBiblioteca de Ferrolterra _9225795 |
|
| 852 |
_aES-MaACL _jA-14511 _9196360 _bR.152015 _cDEPO1 _dOlim: N-7511 _hDonación: Manuela Santalla |
||
| 903 |
_9166902 _aSantalla López, Manuela _ednr |
||
| 942 |
_2udc _cMONOGRAFIA |
||
| 999 |
_c189222 _d189222 |
||